000 00432nam a2200145Ia 4500
041 _aArabic
082 _a321,02 cut-944 ف
100 _a20260118u\\\\\\\\\\\y0engy0103\\\\ba
100 _aمها بسطامي
245 0 _aحوار عالمي حول الفدرالية - الجزء الثاني -
250 _aط1
260 _bمنتدى الاتحادات الفدرالية
_aكندا
_c2005
300 _a66
942 _cBk
999 _c189039
_d189039